The american political tradition and the men who made it

Uloženo v:
Podrobná bibliografie
Hlavní autor: Hofstadter, Richard (Autor)
Médium: Kniha
Jazyk:angličtina
Vydáno: Nueva York Random House 1948
Edice:Vintage Political Science and Social Criticism, v-9
Témata:
Tagy: Přidat tag
Žádné tagy, Buďte první, kdo vytvoří štítek k tomuto záznamu!

MARC

LEADER 00000nam a2200000 a 4500
001 UCT6300
003 CL-VaPUC
008 970106e19480000US |||||||||||||||||eng|d
082 0 4 |a 320.973  |b HOF  |2 21 
100 |a Hofstadter, Richard  |e author  |9 452725 
245 1 4 |a The american political tradition and the men who made it 
300 |a 381 p 
942 |c BK 
945 |d 19970106 00:00:00  |a paguirre 
260 |a Nueva York  |b Random House  |c 1948 
600 0 |a Jefferson, Thomas  |d 1743-1826  |9 719853 
600 0 7 |a JACKSON, ANDREW  |2 CL-VaPUC  |9 376307 
600 0 7 |a CALHOUN, JOHN C  |2 CL-VaPUC  |9 376308 
600 0 |a Lincoln, Abraham,  |d 1809-1865  |9 321765 
600 0 7 |a PHILLIPS, WENDELL  |2 CL-VaPUC  |9 376309 
600 0 7 |a BRYAN, WILLIAM JENNINGS  |2 CL-VaPUC  |9 376310 
600 0 7 |a ROOSEVELT, THEODORE  |2 CL-VaPUC  |9 373980 
600 0 7 |a WILSON, WOODROW  |2 CL-VaPUC  |9 376311 
600 0 7 |a HOOVER, HERBERT  |2 CL-VaPUC  |9 376312 
600 0 7 |a ROOSEVELT, FRANKLIN DELANO  |2 CL-VaPUC  |9 341242 
650 0 |a Política  |9 255312 
650 7 |a TEORIA POLITICA  |2 CL-VaPUC  |9 376313 
650 7 |a SISTEMAS POLITICOS  |2 CL-VaPUC  |9 376314 
650 0 |a Doctrinas políticas  |9 255835 
650 0 |a Capitalismo  |9 255255 
650 0 |a Democracia  |9 255256 
650 0 |a Liberalismo  |9 255715 
651 0 |a Estados Unidos  |9 255178 
583 |a last modification  |c 19970106 00:00:00  |k Rodrigo Vera 
490 0 |a Vintage Political Science and Social Criticism, v-9 
999 |c 255015  |d 255013 
952 |0 0  |1 0  |4 0  |6 320_973000000000000_HOF_1948  |7 0  |8 P  |9 277043  |a BIBDER  |b BIBDER  |d 2019-11-19  |i 1801554  |o 320.973 HOF 1948  |p 1801554  |r 2023-01-25  |w 2019-11-19  |y BK  |k DER